000 01276nam0a2200361 4500
001 RU\NLR\bibl\1116423
005 20260406121825.0
010 _a978-5-7533-0097-3
_95000
021 _aRU
_b2007-43063
_92303
035 _a(NLR Aleph) 001103427
090 _a1192694
_c1192694
100 _a20070809d2007 |||y0rusy50 ca
101 0 _arus
102 _aRU
105 _aa |||||||||
200 1 _aДиспут с атеистом
_fдиакон Андрей Кураев
210 _aМосква
_cИзд-во Сретенского монастыря
_d2007
215 _a141, [2] с.
_cил.
_d17
225 1 _aСерия "Кафедра"
320 _aБиблиогр. в подстроч. прмеч.
333 _a18+
606 0 _aАтеизм
_xБогословская критика
_92297423
_3RU\NLR\auth\661375621
686 _aЭ372.24-451.1
700 1 _4070
_7ca
_8rus
_aКураев
_bА. В.
_f1963-
_gАндрей Вячеславович
_9110646
_3RU\NLR\AUTH\77601
801 0 _aRU
_bNLR
_c20070809
_gRCR
801 1 _aRU
_bNLR
_c20070809
942 _cBOOK
980 _aNB
980 _aIA
996 _aиноагент
_bp
_cКураев Андрей Вячеславович